| 000 | 00443nam a22001695i 4500 | ||
|---|---|---|---|
| 999 |
_c12375 _d12375 |
||
| 003 | OSt | ||
| 005 | 20240117095439.0 | ||
| 008 | 221109s2023 mau 000 0 eng | ||
| 020 |
_a9783035624151 _q(hardcover) |
||
| 042 | _apcc | ||
| 100 | 1 |
_aBrandi, Ulrike, _eauthor. |
|
| 245 | 1 | 0 |
_aLight, nature, architecture : _ba guide to holistic lighting design / _cUlrike Brandi. |
| 250 | _a1. | ||
| 263 | _a2302 | ||
| 300 | _apages cm | ||
| 942 | _2ddc | ||